Catálogo de la Biblioteca Horacio González - Universidad Nacional de General Sarmiento

La última : (Registro nro. 18490)

Detalles MARC
000 -CABECERA
campo de control de longitud fija 01379nam a22003970a 4500
001 - NÚMERO DE CONTROL
campo de control PT21226
003 - IDENTIFICADOR DEL NÚMERO DE CONTROL
campo de control AR-LpoUNG
005 - FECHA Y HORA DE LA ÚLTIMA TRANSACCIÓN
campo de control 20210131232954.0
008 - DATOS DE LONGITUD FIJA--INFORMACIÓN GENERAL
campo de control de longitud fija 191001s1985||||ag |||||||||||||||||spa d
020 ## - NÚMERO INTERNACIONAL ESTÁNDAR DEL LIBRO
Número Internacional Estándar del Libro 9502302133
Condiciones de disponibilidad $1
040 ## - FUENTE DE LA CATALOGACIÓN
Centro catalogador/agencia de origen AR-LpoUNG
Lengua de catalogación spa
Centro/agencia transcriptor AR-LpoUNG
Normas de descripción aacr
041 ## - CÓDIGO DE LENGUA
Código de lengua del texto/banda sonora o título independiente spa
044 ## - CÓDIGO DEL PAÍS DE LA ENTIDAD EDITORA/PRODUCTORA
Código MARC del país ag
082 0# - NÚMERO DE LA CLASIFICACIÓN DECIMAL DEWEY
Número de clasificación 982.065 393ult
100 1# - ENTRADA PRINCIPAL--NOMBRE DE PERSONA
Nombre de persona Vázquez, Enrique
245 13 - MENCIÓN DE TÍTULO
Título La última :
Resto del título origen, apogeo y caída de la dictadura militar
250 ## - MENCIÓN DE EDICIÓN
Mención de edición 1ra ed.
260 ## - PUBLICACIÓN, DISTRIBUCIÓN, ETC.
Lugar de publicación, distribución, etc. Buenos Aires :
Nombre del editor, distribuidor, etc. EUDEBA,
Fecha de publicación, distribución, etc. 1985.
300 ## - DESCRIPCIÓN FÍSICA
Extensión 327 p. :
Otras características físicas fot.
520 ## - SUMARIO, ETC.
Sumario, etc. <p>La última constituye una investigación sistemática y original sobre el régimen militar de los Videla, Galtieri, los Viola, Martinez de Hoz, desde los entretelones de su gestación hasta su estripitosa caída tras la guerra de las Malvinas, pasando por esos años de apogeo en que algunos ideólogos soñadores postulaban una vida de varias décadas para el proceso.</p>
650 #4 - PUNTO DE ACCESO ADICIONAL DE MATERIA--TÉRMINO DE MATERIA
Término de materia o nombre geográfico como elemento de entrada ARGENTINA
650 #4 - PUNTO DE ACCESO ADICIONAL DE MATERIA--TÉRMINO DE MATERIA
Término de materia o nombre geográfico como elemento de entrada ASPECTOS POLITICOS
650 #4 - PUNTO DE ACCESO ADICIONAL DE MATERIA--TÉRMINO DE MATERIA
Término de materia o nombre geográfico como elemento de entrada CONFLICTOS SOCIALES
650 #4 - PUNTO DE ACCESO ADICIONAL DE MATERIA--TÉRMINO DE MATERIA
Término de materia o nombre geográfico como elemento de entrada DICTADURA
650 #4 - PUNTO DE ACCESO ADICIONAL DE MATERIA--TÉRMINO DE MATERIA
Término de materia o nombre geográfico como elemento de entrada GOBIERNO MILITAR
650 #4 - PUNTO DE ACCESO ADICIONAL DE MATERIA--TÉRMINO DE MATERIA
Término de materia o nombre geográfico como elemento de entrada GOLPES DE ESTADO
650 #4 - PUNTO DE ACCESO ADICIONAL DE MATERIA--TÉRMINO DE MATERIA
Término de materia o nombre geográfico como elemento de entrada POLITICA
650 #4 - PUNTO DE ACCESO ADICIONAL DE MATERIA--TÉRMINO DE MATERIA
Término de materia o nombre geográfico como elemento de entrada TERRORISMO
650 #4 - PUNTO DE ACCESO ADICIONAL DE MATERIA--TÉRMINO DE MATERIA
Término de materia o nombre geográfico como elemento de entrada VIOLENCIA
653 ## - TÉRMINO DE INDIZACIÓN--NO CONTROLADO
Término no controlado DESAPARECIDOS
653 ## - TÉRMINO DE INDIZACIÓN--NO CONTROLADO
Término no controlado MALVINAS
653 ## - TÉRMINO DE INDIZACIÓN--NO CONTROLADO
Término no controlado PROCESO DE REORGANIZACION NACIONAL
653 ## - TÉRMINO DE INDIZACIÓN--NO CONTROLADO
Término no controlado REPRESION
905 ## - ELEMENTOS DE DATOS E LOCAL, LDE (RLIN)
a 21226
942 ## - ELEMENTOS DE PUNTO DE ACCESO ADICIONAL (KOHA)
Tipo de ítem Koha Libro
Existencias
Estado de retiro Estado de pérdida Estado dañado No para préstamo Código de colección Localización permanente Ubicación/localización actual Fecha de adquisición Total de préstamos Signatura topográfica completa Código de barras Fecha visto por última vez Precio válido a partir de Tipo de ítem Koha
        Colección General Biblioteca Universidad Nacional de General Sarmiento Biblioteca Universidad Nacional de General Sarmiento 31/01/2021   982.065 393ult 00023464 31/01/2021 31/01/2021 Libro
        Colección General Biblioteca Universidad Nacional de General Sarmiento Biblioteca Universidad Nacional de General Sarmiento 31/01/2021   982.065 393ult 00037365 31/01/2021 31/01/2021 Libro
        Colección General Biblioteca Universidad Nacional de General Sarmiento Biblioteca Universidad Nacional de General Sarmiento 31/01/2021   982.065 393ult 00037366 31/01/2021 31/01/2021 Libro
        Colección General Biblioteca Universidad Nacional de General Sarmiento Biblioteca Universidad Nacional de General Sarmiento 31/01/2021   982.065 393ult 00037367 31/01/2021 31/01/2021 Libro
        Colección General Biblioteca Universidad Nacional de General Sarmiento Biblioteca Universidad Nacional de General Sarmiento 31/01/2021   982.065 393ult 00037368 31/01/2021 31/01/2021 Libro
        Colección General Biblioteca Universidad Nacional de General Sarmiento Biblioteca Universidad Nacional de General Sarmiento 31/01/2021   982.065 393ult S00023465 31/01/2021 31/01/2021 Lectura en Sala